| 000 | 01096nam a2200265 i 4500 | ||
|---|---|---|---|
| 001 | bg | ||
| 111 | 2 |
_aIEEE International Conference on Methods and Models in Automation and Robotics _n(9 ; _d2003 ; _cMiędzyzdroje). |
|
| 245 | 1 | 0 |
_aProceedings of the 9th IEEE International Conference Methods and Models in Automation and Robotics _h[dokument elektroniczny] : _bMMAR 2003 : 25-28 August 2003 Międzyzdroje, Poland _cInstitute of Control Engineering, Technical University of Szczecin, Poland. |
| 246 | 3 | 0 | _aMethods and models in automation and robotics |
| 246 | 3 | 0 | _aMMAR 2003 |
| 260 |
_aSzczecin : _bWydawnictwo Uczelniane Politechniki Szczecińskiej, _c2003. |
||
| 300 | _a1 dysk optyczny CD ROM. | ||
| 650 | 9 |
_aAutomatyka _xzagadnienia |
|
| 650 | 9 |
_aSterowanie _xteoria |
|
| 650 | 9 | _aRoboty i manipulatory | |
| 655 | _aMateriały konferencyjne | ||
| 710 | 0 | _aPolitechnika Szczecińska | |
| 020 | _a8876487X (CD) | ||
| 040 | _cBPK | ||
| 041 | 0 | _aeng | |
| 080 | _a681.5:62-52:007.5:004(06) | ||
| 920 | _a88764-87-X (CD) | ||
| 942 | _cCD | ||
| 008 | s pl f |000 0 pol | ||
| 999 |
_c24032 _d24032 |
||
| 856 |
_uhttp://koha.tu.koszalin.pl/cgi-bin/koha/opac-detail.pl?biblionumber=24032 _yKatalog online BPK |
||